01524 a2200241 4500003000500000005001700005010001700022020002800039040000900067082001600076245009200092260004700184300003300231440005400264505061800318650003500936700002500971700003700996856009101033942001301124999001901137952012601156Nust20220804105203.0 a 2005041824 a0849334179 (alk. paper) cNust00a621.367,MUL00aMulti-sensor image fusion and its applications /cedited by Rick S. Blum and Zheng Liu. aBoca Raton, FL :bTaylor & Francis,c2006. axv, 505 p. :bill. ;c24 cm. 0aSignal processing and communications ;v25995561 aAn Overview of Image Fusion (Page-1), Mutual Information Based Image Registration with Application to 3D Medical Brain Imagery (Page-37), Studies of Registration and Fusion of Retinal Images (Page-57), No rigid MR/US Registration for Tracking Brain Deformations (Page-107), Multisensory Data Inversion and Fusion Based on Shared Image Structure (Page-145), Entropic Graphs for Registration (Page-185), Fusion of Images from Different Eletro-Optical Sensing Modalities for Surveillance and Navigation Tasks (Page-237), A Statistical Signal Processing Approach to Image Fusion using Hidden Markov Models (Page-265). 0aTelecommunication Engineering.1 aBlum, Rick S.9965091 aLiu, Zheng,d1969 July 7-996510423Publisher descriptionuhttp://www.loc.gov/catdir/enhancements/fy0648/2005041824-d.html cREF2ddc c178683d178683 00102ddc4070aMCSbMCScREFd2016-12-12o621.367,MULpMCS32467r2016-12-08w2016-12-12yREFzAlmirah No.20, Shelf No.5